Pensar a dança: a reflexão estética de Mallarmé a Cocteau (Registo nº 202155)

Detalhes MARC
000 -Etiqueta do registo
Valores 00659nam 22001933 4500
021 ## - Número do Depósito Legal
Código do país Portugal
Número 2621/83
100 ## - Dados gerais de processamento
Dados gerais 20260513d u||y0pory50 ba
200 ## - Titulo e menção de responsabilidade
Título próprio Pensar a dança: a reflexão estética de Mallarmé a Cocteau
Primeira menção de responsabilidade José Sasportes
210 ## - Publicação
Local de publicação [Lisboa]
Nome do editor Imprensa Nacional-Casa da Moeda
Data de publicação imp. 1983
215 ## - Descrição física 
Paginação / Volumes 176, [8] p.
Outras indicações físicas il. ; brochado
Dimensões 24 cm
225 ## - Colecção 
Título próprio da colecção Arte e Artistas
606 ## - Nome comum usado como assunto
ID Autoridade 14416
Palavra de ordem Divertimentos públicos. Espetáculos. Cinema.Teatro. Dança. Jogos de mesa. Desportos
675 ## - CDU
Notação 79
Edição PT
Língua por
700 ## - Autor principal (pessoa individual)
ID Autoridade 16810
Apelido Sasportes
Nome José
Datas 1937-
801 ## - Fonte de origem
País PT
Agência BMMN
Regras de catalogação RPC
830 ## - Notas gerais do catalogador
Criado por Vanda
990 ## - Elementos KOHA
Tipo de documento Livro
Exemplares
Situação do levantamento Biblioteca de origem Código de barras Cota Permissão de empréstimo Tipo de documento Forma de aquisição
  Biblioteca Municipal de Montemor-o-Novo 31596 79 SAS|DEP   Livro Compra

Powered by Koha